Books and Authors VIII Quiz Stats

 Plays Quiz not verified by Sporcle

Challenge
Share
Tweet
Embed
Score 0/100 Timer 15:00
0 Plays Today
Hint Answer % Correct
FrankensteinMary Shelley
87.5%
Little WomenLouisa May Alcott
75%
Slaughterhouse FiveKurt Vonnegut
75%
Pride and PrejudiceJane Austen
75%
UlyssesJames Joyce
75%
Pet SemataryStephen King
75%
As I Lay DyingWilliam Faulkner
75%
InfernoDan Brown
75%
Song of SolomonToni Morrison
62.5%
The StandStephen King
62.5%
Rikki-Tikki-TaviRudyard Kipling
62.5%
Little MenLouisa May Alcott
62.5%
Four Past MidnightStephen King
62.5%
Ms. DallowayVirginia Woolf
62.5%
Blood MeridianCormac McCarthy
62.5%
The Cask of AmontilladoEdgar Allan Poe
62.5%
The Jungle BookRudyard Kipling
62.5%
Breakfast at Tiffany'sTruman Capote
62.5%
AntigoneSophocles
62.5%
The Lost SymbolDan Brown
62.5%
Robinson CrusoeDaniel Defoe
62.5%
The LotteryShirley Jackson
62.5%
The Martian ChroniclesRay Bradbury
62.5%
Silent SpringRachel Carson
62.5%
One Hundred Years of SolitudeGabriel Garcia Marquez
62.5%
The Divine ComedyDante Alighieri
50%
Rabbit RunJohn Updike
50%
Outline of PsychoanalysisSigmund Freud
50%
Hansel and GretelBrothers Grimm
50%
The Reivers (Pulitzer)William Faulkner
50%
The Magic MountainThomas Mann
50%
I, ClaudiusRobert Graves
50%
The Bonfire of the VanitiesThomas Wolfe
50%
DialoguesPlato
50%
Hint Answer % Correct
The Gulag ArchipelagoAleksandr Solzhenitsyn
50%
Death on the NileAgatha Christie
50%
The MansionWilliam Faulkner
50%
You Can't Go Home AgainThomas Wolfe
50%
The NaturalBernard Malamud
50%
The RepublicPlato
50%
The Red PonyJohn Steinbeck
50%
Salem's LotStephen King
50%
Lonesome Dove (Pulitzer)Larry McMurtry
50%
The God DelusionRichard Dawkins
50%
Love StoryErich Segal
37.5%
TexasJames Michener
37.5%
Black BeautyAnna Sewell
37.5%
Thus Spake ZarathustraFreidrich Nietzsche
37.5%
The Stone Diaries (Pulitzer)Carol Shields
37.5%
The God of Small ThingsArundhati Roy
37.5%
The Social ContractJean-Jacques Rousseau
37.5%
Le Morte D'ArthurThomas Malory
37.5%
Sketches by BozCharles Dickens
37.5%
The Red and the BlackStendhal
37.5%
NauseaJean-Paul Sartre
37.5%
The Long Good-byeRaymond Chandler
25%
The Age of ReasonJean-Paul Sartre
25%
CathedralRaymond Carver
25%
Where I'm Calling FromRaymond Carver
25%
The Secret Life of Walter MittyJames Thurber
25%
City of GodE.L. Doctorow
25%
Two Years Before the MastRichard Dana
25%
The Compleat AnglerIzaak Walton
25%
A Shropshire LadA.E. Housman
25%
The Island of the Day BeforeUmberto Eco
12.5%
Continental DriftRussell Banks
12.5%
Vitamin C and the Common ColdLinus Pauling
12.5%
Constant ReaderDorothy Parker
12.5%
Hint Answer % Correct
The TestamentJohn Grisham
12.5%
Independence Day (Pulitzer)Richard Ford
12.5%
Awake and Sing!Clifford Odets
12.5%
A Painted HouseJohn Grisham
12.5%
All SoulsChristine Schutt
12.5%
House Made of Dawn (Pulitzer)N. Scott Momaday
12.5%
A Summons to Memphis (Pulitzer)Peter Taylor
12.5%
JerniganDavid Gates
12.5%
The Female EunuchGermaine Greer
12.5%
Cyrano de BergeracEdmond Rostand
12.5%
Water for ElephantsSara Gruen
12.5%
ShantaramDavid Gregory Roberts
0%
Captain Horatio HornblowerC.S. Forester
0%
The Art of HappinessDalai Lama
0%
SleepersLorenzo Carcatera
0%
Think and Grow RichNapoleon Hill
0%
The CarpetbaggersHarold Robbins
0%
The Sly Old CatBeatrix Potter
0%
A Cry in the NightMary Higgins Clark
0%
Alexandrian's GeographyPtolemy
0%
Every Night, JosephineJacqueline Susann
0%
The Seven Spiritual LawsDeepak Chopra
0%
Acceptable RiskRobin Cook
0%
Sex and the Single GirlHelen Gurley Brown
0%
Silent NightMary Higgins Clark
0%
A Flag for SunriseRobert Stone
0%
Travis McGee mysteriesJohn MacDonald
0%
The Snow ChildEowyn Ivey
0%
HotelArthur Hailey
0%
The Black StallionWalter Farley
0%
Leaving the LandDouglas Unger
0%
WhitesNorman Rush
0%

You're not logged in!

Compare scores with friends on all Sporcle quizzes.
Join for Free
OR
Log In

You Might Also Like...

Show Comments

Extras

Created Jul 10, 2017ReportNominate
Tags:Author Quiz, Book Quiz, viii

Top Quizzes Today


Score Distribution

Your Account Isn't Verified!

In order to create a playlist on Sporcle, you need to verify the email address you used during registration. Go to your Sporcle Settings to finish the process.

Report this User

Report this user for behavior that violates our Community Guidelines.

Details: